ბათუმის შოთა რუსთაველის სახელმწიფო უნივერსიტეტის ბიბლიოთეკა

Абсолютная величина. Пособие для учителей. (ბიბ.ჩანაწერი № 38793)

000 -LEADER
fixed length control field 00521nam a2200193Ia 4500
001 - CONTROL NUMBER
control field 5149
003 - CONTROL NUMBER IDENTIFIER
control field GE_BSU
008 - FIXED-LENGTH DATA ELEMENTS--GENERAL INFORMATION
fixed length control field 181216s||||||||xx |||||||||||||| ||und||
040 ## - CATALOGING SOURCE
Transcribing agency GE_BSU
100 ## - MAIN ENTRY--PERSONAL NAME
Personal name Гайдуков И. И.
245 ## - TITLE STATEMENT
Title Абсолютная величина. Пособие для учителей.
245 ## - TITLE STATEMENT
Statement of responsibility, etc. ред.Г.С.Уманский
250 ## - EDITION STATEMENT
Edition statement Изд. 2-е
260 ## - PUBLICATION, DISTRIBUTION, ETC.
Place of publication, distribution, etc. Москва
260 ## - PUBLICATION, DISTRIBUTION, ETC.
Name of publisher, distributor, etc. Просвещение»
260 ## - PUBLICATION, DISTRIBUTION, ETC.
Date of publication, distribution, etc. 1968
300 ## - PHYSICAL DESCRIPTION
Extent 96 с. 23 см.
942 ## - ADDED ENTRY ELEMENTS (KOHA)
Koha item type წიგნი
ეგზემპლარები
Withdrawn status Lost status Damaged status Not for loan Date acquired Barcode Date last seen Price effective from Koha item type
        2018-12-17 15964 2018-12-17 2018-12-17 წიგნი